al-Ṭabaqāt al-valyā'. (Record no. 68325)
[ view plain ]
| 000 -LEADER | |
|---|---|
| fixed length control field | 00741cam a22002651 4500 |
| 001 - CONTROL NUMBER | |
| control field | sa 66002342 |
| 003 - CONTROL NUMBER IDENTIFIER | |
| control field | DLC |
| 005 - DATE AND TIME OF LATEST TRANSACTION | |
| control field | 20260227112229.0 |
| 008 - FIXED-LENGTH DATA ELEMENTS--GENERAL INFORMATION | |
| fixed length control field | 890925s1965 xx 000 0 urd |
| 010 ## - LIBRARY OF CONGRESS CONTROL NUMBER | |
| LC control number | sa 66002342 |
| 035 ## - SYSTEM CONTROL NUMBER | |
| System control number | (OCoLC)23541631 |
| 040 ## - CATALOGING SOURCE | |
| Original cataloging agency | DLC |
| Transcribing agency | MiU |
| Modifying agency | DLC |
| 042 ## - AUTHENTICATION CODE | |
| Authentication code | premarc |
| 050 00 - LIBRARY OF CONGRESS CALL NUMBER | |
| Classification number | BP70 |
| Item number | .S4919 |
| 100 1# - MAIN ENTRY--PERSONAL NAME | |
| Personal name | Shaʻrānī, ʻAbd al-Wahhāb ibn Aḥmad, |
| Dates associated with a name | approximately 1493-1565 or 1566. |
| 245 13 - TITLE STATEMENT | |
| Title | al-Ṭabaqāt al-valyā'. |
| 260 ## - PUBLICATION, DISTRIBUTION, ETC. | |
| Date of publication, distribution, etc. | [1965] |
| 300 ## - PHYSICAL DESCRIPTION | |
| Extent | 16, 560 p. |
| Dimensions | 25 cm. |
| 500 ## - GENERAL NOTE | |
| General note | In Urdu. |
| 500 ## - GENERAL NOTE | |
| General note | Text partially vocalized. |
| 504 ## - BIBLIOGRAPHY, ETC. NOTE | |
| Bibliography, etc. note | Bibliographical footnotes. |
| 650 #0 - SUBJECT ADDED ENTRY--TOPICAL TERM | |
| Topical term or geographic name entry element | Muslims |
| General subdivision | Biography |
| 700 1# - ADDED ENTRY--PERSONAL NAME | |
| Personal name | Vārsi, 'Abdulghanī, |
| Relator term | tr. |
| 740 0# - ADDED ENTRY--UNCONTROLLED RELATED/ANALYTICAL TITLE | |
| Uncontrolled related/analytical title | Ṭabaqāt al-Kubrā. |
No items available.